Las etapas del pensamiento sociologico (Registro nro. 4066)

Detalles MARC
000 -LEADER
fixed length control field 00938 a2200205 4500
001 - CONTROL NUMBER
control field 45937
005 - DATE AND TIME OF LATEST TRANSACTION
control field 20260407155732.0
008 - FIXED-LENGTH DATA ELEMENTS--GENERAL INFORMATION
fixed length control field 260407a1976 arg spa d
003 - CONTROL NUMBER IDENTIFIER
control field AR-UNSa-BCEJYS
040 ## - CATALOGING SOURCE
Original cataloging agency AR-UNSa-BCEJYS
Language of cataloging spa
Transcribing agency AR-UNSa-BCEJYS
080 ## - UNIVERSAL DECIMAL CLASSIFICATION NUMBER
Universal Decimal Classification number 316.2
Common auxiliary subdivision Puntos de vista y corrientes sociológicas
100 1# - MAIN ENTRY--PERSONAL NAME
Personal name Aron, Raymond
245 10 - TITLE STATEMENT
Title Las etapas del pensamiento sociologico
264 #1 - PRODUCTION, PUBLICATION, DISTRIBUTION, MANUFACTURE, AND COPYRIGHT NOTICE
Place of production, publication, distribution, manufacture Buenos Aires :
Name of producer, publisher, distributor, manufacturer Siglo Veinte
Date of production, publication, distribution, manufacture, or copyright notice 1976
300 ## - PHYSICAL DESCRIPTION
Extent 2v.(346, 405 p.)
Dimensions 20 cm.
505 ## - FORMATTED CONTENTS NOTE
Formatted contents note VOL. I.: Primera Parte: LOS FUNDADORES: 1. Charles-Louis de Secondat barón de Montesquieu – 2. Augusto Comte – 3. Carlos Marx – 4. Alexis de Tocqueville – 5. Los sociólogos y la revolución de 1848. - - VOL. II. : Segunda Parte: LA GENERACION DE FIN DE SIGLO: 1. Introducción – 2. Emile Durkheim – 3. Vilfredo Pareto – 4. Max Weber.
590 ## - LOCAL NOTE (RLIN)
Local note niveau_biblio:m niveau_hierar:0
700 1# - ADDED ENTRY--PERSONAL NAME
Personal name Leal, Anibal
942 ## - ADDED ENTRY ELEMENTS (KOHA)
Koha item type
Existencias
Withdrawn status Lost status Damaged status Not for loan Home library Current library Shelving location Date acquired Total checkouts Full call number Barcode Date last seen Price effective from Koha item type
        Biblioteca Prof. Eusebio Cleto del Rey Biblioteca Prof. Eusebio Cleto del Rey   07/04/2026   316.2 A769 v.1 L13433 07/04/2026 07/04/2026 Libro
        Biblioteca Prof. Eusebio Cleto del Rey Biblioteca Prof. Eusebio Cleto del Rey   07/04/2026   316.2 A769 v.1 L13201 07/04/2026 07/04/2026 Libro
        Biblioteca Prof. Eusebio Cleto del Rey Biblioteca Prof. Eusebio Cleto del Rey   07/04/2026   316.2 A769 v.1 L12400 07/04/2026 07/04/2026 Libro
        Biblioteca Prof. Eusebio Cleto del Rey Biblioteca Prof. Eusebio Cleto del Rey   07/04/2026   316.2 A769 v.1 L12401 07/04/2026 07/04/2026 Libro
        Biblioteca Prof. Eusebio Cleto del Rey Biblioteca Prof. Eusebio Cleto del Rey   07/04/2026   316.2 A769 v.2 L12402 07/04/2026 07/04/2026 Libro
        Biblioteca Prof. Eusebio Cleto del Rey Biblioteca Prof. Eusebio Cleto del Rey   07/04/2026   316.2 A769 v.2 L13202 07/04/2026 07/04/2026 Libro
        Biblioteca Prof. Eusebio Cleto del Rey Biblioteca Prof. Eusebio Cleto del Rey   07/04/2026   316.2 A769 v.2 L12403 07/04/2026 07/04/2026 Libro
        Biblioteca Prof. Eusebio Cleto del Rey Biblioteca Prof. Eusebio Cleto del Rey   07/04/2026   316.2 A769 v.2 L13434 07/04/2026 07/04/2026 Libro